| 000 | 00750nam a2200301Ia 4500 | ||
|---|---|---|---|
| 008 | 210210b2018 xxu||||| |||| 00| 0 eng d | ||
| 020 | _a9789352607419 | ||
| 041 | _aeng | ||
| 082 | _a351.3 SING | ||
| 100 | _aSINGH (Surender) | ||
| 245 | _aGeneral studies for civil services preliminary examination GS paper I 2018 | ||
| 260 |
_aChennai _bMcGraw Hill Education (India) Private Limited _c2018 |
||
| 300 | _alvi,1605 | ||
| 650 | _astudies | ||
| 650 | _aservices | ||
| 650 | _apreliminary | ||
| 650 | _apaper | ||
| 650 | _aI | ||
| 650 | _aGS | ||
| 650 | _aGeneral | ||
| 650 | _afor | ||
| 650 | _aexamination | ||
| 650 | _acivil | ||
| 650 | _a2018 | ||
| 690 | _aCivil Service | ||
| 700 | _aPARMAR (Virinder) | ||
| 906 | _a071969 | ||
| 999 |
_c121708 _d121708 |
||